ბათუმის შოთა რუსთაველის სახელმწიფო უნივერსიტეტის ბიბლიოთეკა

ხარისხის მენეჯმენტი : (ბიბ.ჩანაწერი № 35727)

000 -ლიდერი
ფიქსირებული სიგრძის საკონტროლო ველი 00879nam a2200217Ia 4500
001 - საკონტროლო ნომერი
საკონტროლო ველი 1602
003 - საკონტროლო ნომრის იდენტიფიკატორი
საკონტროლო ველი GE_BSU
005 - ბოლო ოპერაციის თარიღი და დრო
საკონტროლო ველი 20200120104108.0
008 - ფიქსირებული სიგრძის მონაცემთა ელემენტები - ზოგადი ინფორმაცია
ფიქსირებული სიგრძის საკონტროლო ველი 181216s2002|||| |||||||||||||| ||geo||
020 ## - წიგნის საერთაშორისო სტანდარტული ნომერი
International Standard Book Number 9992818263
041 ## - ენის კოდი
Language code of text/sound track or separate title geo
080 ## - უნივერსალური ათობითი კლასიფიკაციის ინდექსი
Universal Decimal Classification number 658.56(075.8) ზ–44
100 ## - მთავარი ჩანაწერი - პიროვნების სახელი
Personal name ზედგენიძე,ი.
9 (RLIN) 6230
245 ## - ცნობა სათაურის შესახებ
Title ხარისხის მენეჯმენტი :
Remainder of title სახელმძღვ. /
Statement of responsibility, etc ი. ზედგენიძე ; მ.ბალიაშვილი ; შ. ჯაფარიძე.
264 ## - წარმოების, გამოცემის, დისტრიბუციის და სხვა ცნობები
გამოცემის, წარმოების, დისტრიბუციის... ადგილი თბილისი :
გამოცემის, წარმოების, დისტრიბუციის... სახელწოდება ინფორმაციის ცენტრი,
გამოცემის, წარმოების, დისტრიბუციის... თარიღი 2002.
300 ## - ფიზიკური აღწერა
Extent 387 გვ .:
Dimensions 19 სმ.
653 ## - INDEX TERM--UNCONTROLLED
Uncontrolled term ხარისხის მენეჯმენტი
700 ## - ADDED ENTRY--PERSONAL NAME
Personal name ბალიაშვილი,მ.
9 (RLIN) 6231
700 ## - ADDED ENTRY--PERSONAL NAME
Personal name ჯაფარიძე,შ
9 (RLIN) 6232
942 ## - ADDED ENTRY ELEMENTS (KOHA)
Koha item type წიგნი
Source of classification or shelving scheme
ეგზემპლარები
ჩამოწერის სტატუსი დაკარგული ეგზემპლარის სტატუსი კლასიფიკაციის წყარო ან თაროზე გაწყობის სქემა დაზიანების სტატუსი არ გაიცემა მუდმივი მდებარეობა (დაცვის ადგილი) ამჟამინდელი ადგილსამყოფელი თაროზე განთავსების ადგილი შეძენის თარიღი ღირებულება, შესყიდვის ნორმალური ფასი სრული შენახვის შიფრი შტრიხკოდი ბოლო ოპერაციის თარიღი ეგზემპლარის მიმდევრობითი ნომერი (კეტერი?) ფასის ძალაში შესვლის თარიღი ეგზემპლარის სახეობა საჯარო შენიშვნა
          ბათუმის შოთა რუსთაველის სახელმწიფო უნივერსიტეტის მთავარი ბიბლიოთეკა ტექნოლოგიური ფაკულტეტის ბიბლიოთეკა წიგნსაცავი 2018-12-17 12.00 658.56(075.8) ზ–44 3014 2018-12-17 3014 2018-12-17 წიგნი 12.00